000 00477nam a2200193 a 4500
001 1772014605267
003 YourLibrary
005 20260225154811.0
008 260225s2005##################000#0#eng##
020 _a9780060084776
082 0 4 _a323.092
_bHAN
100 1 _aHansen, Drew,
_eauthor.
245 1 0 _aThe Dream :
260 _bHarper Perennial,
_c2005.
300 _a312 pages
650 0 _aHistory.
942 _cENGLISH
040 _aYourLibrary
_beng
_cYourLibrary
999 _c615864
_d615864